The Development, Manufacture and Control of Microbiological Culture Media /

Enregistré dans:
Détails bibliographiques
Autres auteurs: Bridson, Eric (Compilateur)
Format: Livre
Langue:anglais
Publié: Basingstoke : Unipath Ltd, 1994
Collection:Oxoid
Tags: Ajouter un tag
Pas de tags, Soyez le premier à ajouter un tag!

MARC

LEADER 00000nam a22000003a 4500
001 stu23225
005 20150617225748.3
008 950516s1994----uk------------------eng-d
040 |a STU  |b slo 
041 0 |a eng 
044 |a uk 
080 |a 576.8  |7 stu_us_auth*stu5767 
100 1 |a Bridson, Eric  |4 com 
245 1 |a The Development, Manufacture and Control of Microbiological Culture Media /  |c Technical Consultant Bridson,Eric 
260 |a Basingstoke :  |b Unipath Ltd,  |c 1994 
300 |a 186 s :  |b Obr.,tab.,grafy,lit.,index 
830 0 |a Oxoid 
996 |b C93719  |c C*93719  |l CCXV  |s P  |a 0  |w stu23225_0001